00899nam a2200229 a 450000100100000000500170001000800410002704000250006808200170009310000410011024500960015126000340024730000210028149000370030250400730033965000320041265000340044483000440047804900090052295201210053199900170065200001873320200929165841.0100514s1971 sp r 000 p spa d aDO-SdBNPbspacBNPHU a839.3bC313a1 aCarrasquer, Francisco,d1915-94043010aAntología de la poesía neerlandesa moderna :btexto bilingüe /cFrancisco Carrasquer. aBarcelona :bEl Bardo,c1971. a815 p. ;c21 cm.1 aPoesía, Serie Especial ;vno.5 aIncluye referencias bibliográficas y notas al pie de las páginas 4aPoesía neerlandesa940431 4aLiteratura neerlandesa939205 0aPoesía, Serie Especial ;nno.5940432 aBNGR 001054708MOaGRbGRcCTd2010-05-14iLF1l0o839.3 C313ap18733-10r2020-06-25w2020-06-25y4ZPréstamo en sala c18253d18253